000 00239nam a2200097Ia 4500
001 709723
005 20250826162552.0
008 250824s9999 xx 000 0 und d
245 0 _aGLADYATÖRLER
_cMARCUS JUNKELMANN
260 _bTUDEM YAYINLARI
999 _c709723
_d709723